Tractatus theologici iuxta miram D. Thomae, et cursus salmanticensis ff. discalceatorum B. Mariae de Monte Carmeli.

Detalles Bibliográficos
Autor principal: CONCEPCION, Pablo de (Fray)
Formato: Libro
Publicado: Madrid 1726
Edición:2a. ed.
Materias:
Colección:Banco de datos
Acervo:Biblioteca del Museo Regional de Querétaro. INAH. Querétaro
Descripción Física:t. II
Tema general:Teología
Notas:Buena. 2J3, 2. Ex libris de la Biblioteca del Col. Civil de Qro. Marcas de fuego del Col. de San Fco. Xavier de Qro. y del Conv. de San Agustín.
LEADER 00912nam a22002170004500
035 |a 33155 
036 |a 537 
100 1 |a CONCEPCION, Pablo de (Fray) 
245 1 0 |a Tractatus theologici iuxta miram D. Thomae, et cursus salmanticensis ff. discalceatorum B. Mariae de Monte Carmeli. 
250 |a 2a. ed. 
260 |a Madrid  |b imp. Josefo Rodríguez Escobar  |c 1726 
300 |a t. II 
500 |a Buena. 2J3, 2. Ex libris de la Biblioteca del Col. Civil de Qro. Marcas de fuego del Col. de San Fco. Xavier de Qro. y del Conv. de San Agustín. 
650 1 0 |a Teología 
949 |a C.R.Q. 
959 |a Ex convento Grande de San Francisco de la ciudad de Querétaro, Museo Regional de Querétaro  |b CCC2 
960 |a Varias marcas de Fuego, Querétaro  |b DD83 
961 |a Varias Ordenes Religiosas  |b VO 
942 |c C.R.Q. 
943 |g Biblioteca del Museo Regional de Querétaro. INAH. Querétaro 
999 |c 989471  |d 989471